000 00725cab a2200241 4500
001 ABS54379
008 090401t1996 xxu||||| |||| 00| 0 eng d
035 _a(Sirsi) u10042
041 _aeng
100 _aCrosby, N.
245 _aEffect of metrication on arithmetic zoning of shops
260 _c1996
350 _a0
490 _aCSM (Chartered Surveyor Monthly)
_v5(4) January 1996, 46-47(2)
520 _aResearch carried out at the College of Estate Management recommends using round figures when converting shop zones into metric.
650 _aMETRICATION
650 _aSHOP ZONING
650 _aZONING
690 _aMAPPING AND MEASUREMENT
700 _aFrench, N.
942 _n0
948 _c04/03/1997
999 _c6310
_d6310